| 000 | 00405cam a22001217a 4500 | ||
|---|---|---|---|
| 008 | 180718b2009 xxu||||| |||| 00| 0 eng d | ||
| 082 | _aAPPPA 2008-09/MEH | ||
| 100 | _aMehta, A.K. | ||
| 245 |
_aThe effect of chanding socio-economic conditions on the armed forces _cby A.K. Mehta |
||
| 260 |
_aNew Delhi _bIndian Institute of Public Administration _c2009 |
||
| 300 | _a103p. | ||
| 650 | _aIndia - Armed forces | ||
| 999 |
_c495220 _d495220 |
||